000 00257nam a2200109Ia 4500
008 170627s9999 xx 000 0 und d
100 _aSINGH-YOGENDRA
245 0 _aORGANIZATIONAL BEHAVIOUR
260 _bAITBS
260 _c2004
546 _aENGLISH
690 _aTECHNICAL COMUNICATION
999 _c35486
_d35486